|
|
|
|
| LEADER |
00000naa2a2200000 4500 |
| 001 |
426890 |
| 005 |
20231101074611.0 |
| 035 |
|
|
|a (RuTPU)RU\TPU\prd\85928
|
| 035 |
|
|
|a RU\TPU\tpu\5136
|
| 090 |
|
|
|a 426890
|
| 100 |
|
|
|a 20100827d1964 k |0rusy50 ca
|
| 101 |
0 |
|
|a rus
|a rus
|
| 102 |
|
|
|a RU
|
| 200 |
1 |
|
|a Конструкция и характеристики микротрона на энергию 5 Мэв
|f Б. З. Кантер, Ю. Г. Юшков
|
| 461 |
|
0 |
|0 (RuTPU)RU\TPU\prd\300
|t Приборы и техника эксперимента
|d 1956-
|
| 463 |
|
0 |
|0 (RuTPU)RU\TPU\prd\30351
|t № 4
|v C. 28-31
|d 1964
|
| 610 |
1 |
|
|a электроника
|
| 610 |
1 |
|
|a труды учёных ТПУ
|
| 610 |
1 |
|
|a рентгенотехника
|
| 610 |
1 |
|
|a ускорители
|
| 700 |
|
1 |
|a Кантер
|b Б. З.
|
| 701 |
|
1 |
|a Юшков
|b Ю. Г.
|c российский ученый в области электрофизики
|c профессор Томского политехнического университета
|f 1937-
|g Юрий Георгиевич
|2 stltpush
|3 (RuTPU)RU\TPU\pers\22023
|
| 801 |
|
0 |
|a RU
|b 63413507
|c 20011210
|g PSBO
|
| 801 |
|
2 |
|a RU
|b 63413507
|c 20171018
|g PSBO
|
| 942 |
|
|
|c BK
|